000 00557cam a2200181 4500500
005 20260329001741.0
041 _afre
042 _adc
100 1 0 _aDelecroix, Vincent
_eauthor
245 0 0 _aSeuls parmi les derniers hommes
260 _c2009.
500 _a22
690 _aJean Baudrillard
690 _aPeter Sloterdijk
690 _aProcréation
786 0 _nPhilosophie magazine | 27 | 3 | 2009-03-01 | p. 12-12 | 1951-1787
856 4 1 _uhttps://shs.cairn.info/magazine-philosophie-magazine-2009-3-page-12?lang=fr&redirect-ssocas=7080
999 _c1808266
_d1808266